Rock artists by clue #2 - Statistics

General Stats
  • This quiz has been taken 42 times
  • The average score is 4 of 15
Answer Stats
Hint Answer % Correct
The King of rock’n’roll, recently made movie about him, died on the toilet (or didn’t?) Elvis Presley
95%
First to use umlaut in their name, JK Rowling’s favorite band, they don’t fear the reaper Blue Öyster Cult
60%
Also use umlaut, crew of guys, there is movie about them too Mötley Crüe/Motley Crew
48%
Queen of rock’n’roll, wchich she loves, also actress, she has bad reputation Joan Jett
38%
Started as a krautrock band, fathers of electropop, german, name translates to “power plant” Kraftwerk
35%
Shortest song ever recorded, named after flammable substance used in vietnam war Napalm Death
33%
First song you learn to play on guitar, british, about to make their 23rd album Deep Purple
30%
Also use umlaut, raspy vocals, “biker metal”, they have pig as mascot Motörhead
30%
Redhead singer that sounds like duck, spider chord, skeleton mascot, one of the big 4 Megadeth
20%
Defecated on stage, performed naked, died of overdose, birth name is Jesus GG Allin
18%
Recorded famous 17 minute long track, psychedelic rock, named after small animal Iron Butterfly
15%
Pioneers of psychobilly, singer named after car commercial, deepthroated microphone, guitarist named after comic book character, singer and guitarist were married The Cramps
8%
They released album and song wchich gave name to whole genre, british, even raspier vocals, sing about satan a lot, lead singer named after god Venom
8%
South African extreme metal band, long name, memes, monkey, pig squeals, illegible logo Xavleg/Acidic Vaginal/Xavlegbmaofffassssitimiwoamndutroabc wapwaeiippohfffx
3%
Turkish pop rock legend, moustache, cape, mixed several genres, Anatolian rock Baris Manco
0%
No matching quizzes found
Score Distribution
Percent of People with Each Score
Percentile by Number Answered
Your Score History
You have not taken this quiz